[Event "FIN-chT 2324"]
[Site "Finland"]
[Date "2023.09.24"]
[Round "2.7"]
[White "Makela, Lauri"]
[Black "Ponnio, Toni"]
[Result "1/2-1/2"]
[WhiteElo "2114"]
[BlackElo "2082"]
[PlyCount "51"]
[EventDate "2023.09.23"]
[EventType "team-tourn"]
[EventRounds "12"]
[EventCountry "FIN"]
[SourceTitle "EXT 2024"]
[Source "ChessBase"]
[SourceDate "2023.10.10"]
[SourceVersion "1"]
[SourceVersionDate "2023.10.10"]
[SourceQuality "1"]
[WhiteTeam "Raahe Li"]
[BlackTeam "Tampere Tammer"]
[WhiteTeamCountry "FIN"]
[BlackTeamCountry "FIN"]

1. d4 Nf6 2. Nf3 b6 3. g3 Bb7 4. Bg2 g6 5. 0-0 Bg7 6. c4 0-0 7. Nc3 Ne4 8. Nxe4 Bxe4 9. Bd2 d6 10. Bc3 c5 11. Qd2 Nd7 12. Rac1 Rb8 13. Rfd1 Qc7 14. Qe3 Qb7 15. d5 Bxf3 16. exf3 Bf6 17. a4 Kg7 18. Qxe7 Ne5 19. Qxb7 Rxb7 20. f4 Nd7 21. Re1 Bxc3 22. Rxc3 Nb8 23. Rce3 Na6 24. Re7 Rfb8 25. g4 Kf8 26. R7e2 1/2-1/2

[Event "Heart of Finland op 31st"]
[Site "Jyvaskyla"]
[Date "2023.07.23"]
[Round "9"]
[White "Ponnio, Toni"]
[Black "Penloup Leboulanger, Marvin"]
[Result "1/2-1/2"]
[WhiteElo "2178"]
[BlackElo "1818"]
[PlyCount "62"]
[EventDate "2023.07.17"]
[EventType "swiss"]
[EventRounds "9"]
[EventCountry "FIN"]
[SourceTitle "CBM 215 Extra"]
[Source "ChessBase"]
[SourceDate "2023.09.30"]
[SourceVersion "1"]
[SourceVersionDate "2023.09.30"]
[SourceQuality "1"]

1. Nf3 Nf6 2. c4 g6 3. g3 Bg7 4. Bg2 0-0 5. 0-0 d6 6. d4 Nc6 7. Nc3 e5 8. d5 Nb8 9. e4 a5 10. Ne1 Na6 11. Nd3 Nd7 12. b3 f5 13. f3 b6 14. Be3 Ndc5 15. Bf2 Bf6 16. Nxc5 Nxc5 17. Bh3 Bg5 18. Kg2 fxe4 19. Nxe4 Bxh3+ 20. Kxh3 Nxe4 21. fxe4 Rf6 22. Qg4 Qf8 23. Kg2 Qe7 24. Bg1 h5 25. Qe2 Raf8 26. Rxf6 Rxf6 27. Rf1 Rxf1 28. Qxf1 h4 29. Qf3 Kg7 30. Bf2 hxg3 31. Bxg3 Bh4 1/2-1/2

[Event "Heart of Finland op 31st"]
[Site "Jyvaskyla"]
[Date "2023.07.20"]
[Round "5"]
[White "Ponnio, Toni"]
[Black "Kumpulainen, Kalle"]
[Result "1/2-1/2"]
[WhiteElo "2178"]
[BlackElo "1965"]
[PlyCount "59"]
[EventDate "2023.07.17"]
[EventType "swiss"]
[EventRounds "9"]
[EventCountry "FIN"]
[SourceTitle "CBM 215 Extra"]
[Source "ChessBase"]
[SourceDate "2023.09.30"]
[SourceVersion "1"]
[SourceVersionDate "2023.09.30"]
[SourceQuality "1"]

1. e4 c5 2. Nf3 d6 3. d4 cxd4 4. Nxd4 Nf6 5. Nc3 a6 6. Nb3 Nbd7 7. a4 g6 8. Be2 Bg7 9. g4 Ne5 10. g5 Nfd7 11. f4 Nc6 12. Be3 b6 13. Bf3 Bb7 14. Qd2 Nc5 15. 0-0-0 Nxb3+ 16. cxb3 Na5 17. Kc2 b5 18. Nd5 Rc8+ 19. Kb1 Nxb3 20. Qb4 Bxd5 21. Rxd5 Nc5 22. Bxc5 Rxc5 23. Rxc5 dxc5 24. Qxc5 Qd3+ 25. Qc2 Qxc2+ 26. Kxc2 Kd7 27. Rd1+ Kc7 28. axb5 axb5 29. Rd5 h6 30. Rxb5 1/2-1/2

[Event "Heart of Finland op 31st"]
[Site "Jyvaskyla"]
[Date "2023.07.18"]
[Round "3"]
[White "Ponnio, Toni"]
[Black "Koykka, Pekka"]
[Result "0-1"]
[WhiteElo "2178"]
[BlackElo "2332"]
[PlyCount "78"]
[EventDate "2023.07.17"]
[EventType "swiss"]
[EventRounds "9"]
[EventCountry "FIN"]
[SourceTitle "CBM 215 Extra"]
[Source "ChessBase"]
[SourceDate "2023.09.30"]
[SourceVersion "1"]
[SourceVersionDate "2023.09.30"]
[SourceQuality "1"]

1. d4 f5 2. e4 fxe4 3. Nc3 Nf6 4. Bg5 Nc6 5. d5 Ne5 6. Qe2 c6 7. f4 exf3 8. gxf3 Nf7 9. Bxf6 gxf6 10. 0-0-0 Bh6+ 11. Kb1 0-0 12. f4 d6 13. Qh5 f5 14. Nh3 e6 15. Rg1+ Kh8 16. Ng5 Qf6 17. Nxf7+ Rxf7 18. dxc6 bxc6 19. Rxd6 Bd7 20. Qf3 Qh4 21. Bb5 Qxf4 22. Qxf4 Bxf4 23. Rxd7 Rxd7 24. Bxc6 Rad8 25. Bxd7 Rxd7 26. h3 e5 27. a4 Be3 28. Rf1 f4 29. Nd1 Bb6 30. c3 Rd2 31. b4 a6 32. Nb2 Re2 33. Nc4 Bc7 34. b5 axb5 35. axb5 e4 36. b6 Bb8 37. Rd1 f3 38. Rd8+ Kg7 39. Rxb8 f2 0-1

[Event "Ceske Budejovice op-A"]
[Site "Ceske Budejovice"]
[Date "2023.07.06"]
[Round "6"]
[White "Lang, Simon"]
[Black "Ponnio, Toni"]
[Result "1-0"]
[WhiteElo "1997"]
[BlackElo "2178"]
[PlyCount "61"]
[EventDate "2023.07.01"]
[EventType "swiss"]
[EventRounds "9"]
[EventCountry "CZE"]
[SourceTitle "CBM 215 Extra"]
[Source "ChessBase"]
[SourceDate "2023.09.30"]
[SourceVersion "1"]
[SourceVersionDate "2023.09.30"]
[SourceQuality "1"]

1. e4 c5 2. Nf3 e6 3. d4 cxd4 4. Nxd4 a6 5. Nc3 b5 6. a3 Bb7 7. Be2 Nf6 8. Qd3 Qc7 9. 0-0 d6 10. f4 Nbd7 11. Qh3 g6 12. f5 gxf5 13. exf5 Rg8 14. fxe6 Rxg2+ 15. Qxg2 Bxg2 16. exd7+ Kxd7 17. Kxg2 Bg7 18. Bf4 Re8 19. Rad1 Rxe2+ 20. Ndxe2 Qc6+ 21. Rf3 Ne8 22. Nd4 Qc4 23. b3 Qc5 24. Nce2 Nf6 25. Bg3 Qd5 26. Nc3 Qg5 27. Nf5 Bf8 28. Nxd6 Kc6 29. Nxf7 Qg7 30. Nd8+ Kb6 31. Rxf6+ 1-0

[Event "Ceske Budejovice op-A"]
[Site "Ceske Budejovice"]
[Date "2023.07.01"]
[Round "1"]
[White "Ponnio, Toni"]
[Black "Nagyova, Daniela"]
[Result "1-0"]
[WhiteElo "2178"]
[BlackElo "1836"]
[PlyCount "41"]
[EventDate "2023.07.01"]
[EventType "swiss"]
[EventRounds "9"]
[EventCountry "CZE"]
[SourceTitle "CBM 215 Extra"]
[Source "ChessBase"]
[SourceDate "2023.09.30"]
[SourceVersion "1"]
[SourceVersionDate "2023.09.30"]
[SourceQuality "1"]

1. Nf3 Nf6 2. c4 e6 3. g3 b6 4. Bg2 Bb7 5. 0-0 Be7 6. Nc3 0-0 7. d4 d5 8. Ne5 c5 9. dxc5 Bxc5 10. Bg5 Be7 11. cxd5 exd5 12. Nd3 Ne4 13. Bxe7 Qxe7 14. Nf4 Nxc3 15. bxc3 Rd8 16. Nxd5 Qe5 17. e4 Na6 18. f4 Qd6 19. Qd4 Nc5 20. Rad1 Ne6 21. Nf6+ 1-0

[Event "FIN-ch"]
[Site "Helsinki"]
[Date "2023.04.13"]
[Round "7"]
[White "Lahdelma, Henri"]
[Black "Ponnio, Toni"]
[Result "1-0"]
[WhiteElo "2315"]
[BlackElo "2177"]
[PlyCount "185"]
[EventDate "2023.04.07"]
[EventType "swiss"]
[EventRounds "9"]
[EventCountry "FIN"]
[SourceTitle "CBM 213 Extra"]
[Source "ChessBase"]
[SourceDate "2023.05.31"]
[SourceVersion "1"]
[SourceVersionDate "2023.05.31"]
[SourceQuality "1"]

1. d4 Nf6 2. Nf3 g6 3. Nc3 d5 4. Bf4 Bg7 5. Nb5 Na6 6. e3 0-0 7. h3 c6 8. Nc3 Nc7 9. Bd3 Nce8 10. 0-0 Nd6 11. a4 Nfe4 12. Ne2 f6 13. Bh2 Nf7 14. c4 e5 15. dxe5 fxe5 16. cxd5 Qxd5 17. Qc2 Ned6 18. Nc3 Qe6 19. Nd2 Nf5 20. Nce4 Qe7 21. a5 Be6 22. a6 b6 23. Qxc6 Rac8 24. Qa4 N7d6 25. Qa3 Rfd8 26. Rfd1 Bd5 27. Nxd6 Qxd6 28. Qxd6 Nxd6 29. e4 Be6 30. Kf1 Nf7 31. Ke2 Rd4 32. Rac1 Rcd8 33. Rc3 Rb4 34. b3 Bh6 35. Bc2 Rb5 36. Nf3 Re8 37. Rc7 Ra5 38. Bd3 Ra2+ 39. Kf1 Rd8 40. Be2 Rxd1+ 41. Bxd1 Rxa6 42. Nxe5 Ra1 43. Ke2 Ra2+ 44. Ke1 Bd2+ 45. Kf1 Nxe5 46. Bxe5 Bb4 47. Rc2 Ra3 48. Rb2 Bd7 49. Rb1 Ra2 50. Be2 Be6 51. f4 Ra3 52. Bd1 Ra2 53. Bd4 Bd7 54. Be2 Bd2 55. Bc4+ Kf8 56. g4 Bxf4 57. Bb2 b5 58. Bd5 Ra6 59. Ke2 Ke7 60. Kf3 Bg5 61. Bc3 Be6 62. Bb4+ Kf7 63. Rd1 Ra2 64. Bxe6+ Kxe6 65. Rd6+ Kf7 66. Bc5 a5 67. e5 Rc2 68. e6+ Kf6 69. Rd5 Rc3+ 70. Ke4 h6 71. e7 Kf7 72. Re5 Ke8 73. Kd5 a4 74. bxa4 bxa4 75. Re4 Rd3+ 76. Ke6 Rd7 77. Rxa4 Bxe7 78. Bxe7 Rxe7+ 79. Kf6 Re3 80. h4 Rh3 81. g5 hxg5 82. hxg5 Rf3+ 83. Kxg6 Kf8 84. Ra8+ Ke7 85. Kg7 Rf5 86. g6 Rg5 87. Ra1 Ke6 88. Re1+ Kf5 89. Rf1+ Ke6 90. Kh7 Rg2 91. g7 Rh2+ 92. Kg8 Ra2 93. Rh1 1-0

[Event "FIN-ch"]
[Site "Helsinki"]
[Date "2023.04.07"]
[Round "1"]
[White "Ponnio, Toni"]
[Black "Wartiovaara, Oliver"]
[Result "0-1"]
[WhiteElo "2177"]
[BlackElo "2264"]
[PlyCount "58"]
[EventDate "2023.04.07"]
[EventType "swiss"]
[EventRounds "9"]
[EventCountry "FIN"]
[SourceTitle "CBM 213 Extra"]
[Source "ChessBase"]
[SourceDate "2023.05.31"]
[SourceVersion "1"]
[SourceVersionDate "2023.05.31"]
[SourceQuality "1"]

1. c4 e6 2. Nf3 d5 3. d4 c6 4. Nc3 dxc4 5. g3 b5 6. Bg2 Bb7 7. 0-0 Nf6 8. e4 Be7 9. a4 a6 10. e5 Nd5 11. Ne4 h6 12. h4 Nd7 13. Bd2 c5 14. axb5 axb5 15. Rxa8 Qxa8 16. dxc5 Nxc5 17. Nd4 0-0 18. Nxc5 Bxc5 19. Bxh6 gxh6 20. Qg4+ Kh8 21. Qh5 Ne7 22. Nxe6 fxe6 23. Qxh6+ Kg8 24. Bh3 Bd5 25. Qg5+ Kf7 26. Qh5+ Kg7 27. Qg5+ Ng6 28. h5 Qe8 29. hxg6 Qxg6 0-1

[Event "FIN-chT 2223"]
[Site "Finland"]
[Date "2023.02.11"]
[Round "9.6"]
[White "Ponnio, Toni"]
[Black "Pitkaaho, Arto"]
[Result "0-1"]
[WhiteElo "2163"]
[BlackElo "2113"]
[PlyCount "80"]
[EventDate "2022.09.24"]
[EventType "team-tourn"]
[EventRounds "11"]
[EventCountry "FIN"]
[SourceTitle "EXT 2024"]
[Source "ChessBase"]
[SourceDate "2023.10.10"]
[SourceVersion "1"]
[SourceVersionDate "2023.10.10"]
[SourceQuality "1"]
[WhiteTeam "Tampere Tammer"]
[BlackTeam "Raahe Li"]
[WhiteTeamCountry "FIN"]
[BlackTeamCountry "FIN"]

1. d4 e6 2. Nf3 f5 3. Bf4 Nf6 4. e3 b6 5. Bd3 Bb7 6. h3 Bd6 7. Bxd6 cxd6 8. c4 d5 9. Nc3 0-0 10. 0-0 dxc4 11. Bxc4 Nc6 12. a3 Ne7 13. Rc1 a6 14. Qe2 b5 15. Bd3 Ned5 16. Nxd5 Nxd5 17. Rc2 Qe7 18. Rfc1 Rac8 19. Rxc8 Rxc8 20. Rxc8+ Bxc8 21. a4 bxa4 22. Bxa6 a3 23. Bxc8 a2 24. Qa6 Nb4 25. Qa5 h6 26. Ba6 d5 27. Bb5 Qb7 28. Be8 Qa6 29. Qd8 a1Q+ 30. Kh2 Nc6 31. Bxc6+ Kh7 32. Be8 Qa8 33. Bg6+ Kxg6 34. Ne5+ Kh7 35. Qe7 Q1a6 36. Qf7 Qd6 37. f4 Qaf8 38. Qg6+ Kg8 39. b4 Qde7 40. b5 Qee8 0-1

[Event "FIN-chT 2223"]
[Site "Finland"]
[Date "2023.01.14"]
[Round "7.7"]
[White "Tiitta, Sauli"]
[Black "Ponnio, Toni"]
[Result "0-1"]
[WhiteElo "2186"]
[BlackElo "2163"]
[PlyCount "98"]
[EventDate "2022.09.24"]
[EventType "team-tourn"]
[EventRounds "11"]
[EventCountry "FIN"]
[SourceTitle "EXT 2024"]
[Source "ChessBase"]
[SourceDate "2023.10.10"]
[SourceVersion "1"]
[SourceVersionDate "2023.10.10"]
[SourceQuality "1"]
[WhiteTeam "Espoo MatSK"]
[BlackTeam "Tampere Tammer"]
[WhiteTeamCountry "FIN"]
[BlackTeamCountry "FIN"]

1. c4 c5 2. Nc3 g6 3. h4 h5 4. d4 cxd4 5. Qxd4 Nf6 6. Nd5 Bg7 7. Bg5 Nc6 8. Qc3 0-0 9. Bxf6 exf6 10. 0-0-0 f5 11. Qa3 d6 12. e3 Be6 13. Kb1 Re8 14. Ne2 Bxd5 15. Rxd5 Ne5 16. Nf4 Ng4 17. Rd2 Qc7 18. Nd5 Qc6 19. b3 Nf6 20. Nxf6+ Bxf6 21. Qxd6 Qe4+ 22. Qd3 Qe5 23. Qd4 Qa5 24. Qxf6 Qxd2 25. Qb2 Qe1+ 26. Qc1 Qxf2 27. Rh3 Rad8 28. c5 Rd5 29. Bc4 Rde5 30. Rf3 Qxg2 31. Rf1 Rxe3 32. Rg1 Qxg1 33. Qxg1 Re1+ 34. Qxe1 Rxe1+ 35. Kb2 f4 36. Bd5 Re5 37. Bxb7 Rxc5 38. Bf3 a5 39. a3 Re5 40. b4 axb4 41. axb4 Re3 42. Bd5 f3 43. b5 f2 44. Bc4 Re4 45. Bf1 Kf8 46. Kc3 Re1 47. Kc2 Rxf1 48. b6 Rb1 49. Kxb1 f1Q+ 0-1

[Event "FIN-chT 2022"]
[Site "Finland"]
[Date "2022.05.22"]
[Round "10.2"]
[White "Tusa, Tuukka"]
[Black "Ponnio, Toni"]
[Result "1/2-1/2"]
[WhiteElo "2129"]
[BlackElo "2158"]
[PlyCount "97"]
[EventDate "2020.09.12"]
[EventType "team-tourn"]
[EventRounds "11"]
[EventCountry "FIN"]
[SourceTitle "EXT 2023"]
[Source "ChessBase"]
[SourceDate "2022.10.05"]
[SourceVersion "1"]
[SourceVersionDate "2022.10.05"]
[SourceQuality "1"]
[WhiteTeam "Helsinki Ninja"]
[BlackTeam "Tampere Tammer"]
[WhiteTeamCountry "FIN"]
[BlackTeamCountry "FIN"]

1. c4 e5 2. g3 Nf6 3. Bg2 c6 4. d4 e4 5. Nc3 d5 6. cxd5 cxd5 7. f3 Bb4 8. Bd2 Nc6 9. fxe4 dxe4 10. e3 0-0 11. Nge2 Bg4 12. 0-0 Bxc3 13. bxc3 Qd5 14. h3 Bh5 15. Nf4 Bxd1 16. Nxd5 Nxd5 17. Rfxd1 Na5 18. Bxe4 Nxe3 19. Re1 Nec4 20. Bf4 Rad8 21. Re2 Nd6 22. Bd3 Rd7 23. Rae1 f6 24. Re6 Rfd8 25. Kf2 Nac4 26. Bxd6 Nxd6 27. c4 b6 28. c5 bxc5 29. dxc5 Nc8 30. Bc4 Kf8 31. R1e2 Re7 32. Rxe7 Nxe7 33. Rb2 Nc6 34. Ke3 Ne5 35. Be2 Ke7 36. Rb7+ Rd7 37. Rb3 Rc7 38. Kd4 Ke6 39. Bc4+ Ke7 40. Bd5 Kd7 41. Rb8 Nc6+ 42. Bxc6+ Kxc6 43. a4 Rd7+ 44. Kc4 Re7 45. Rc8+ Kb7 46. Rg8 Kc6 47. Rc8+ Kb7 48. Rg8 Kc6 49. Rc8+ 1/2-1/2

[Event "FIN-chT 2022"]
[Site "Finland"]
[Date "2021.12.11"]
[Round "6.3"]
[White "Ponnio, Toni"]
[Black "Kokkila, Tero"]
[Result "0-1"]
[WhiteElo "2158"]
[BlackElo "2238"]
[PlyCount "48"]
[EventDate "2020.09.12"]
[EventType "team-tourn"]
[EventRounds "11"]
[EventCountry "FIN"]
[SourceTitle "EXT 2023"]
[Source "ChessBase"]
[SourceDate "2022.10.05"]
[SourceVersion "1"]
[SourceVersionDate "2022.10.05"]
[SourceQuality "1"]
[WhiteTeam "Tampere Tammer"]
[BlackTeam "Vantaa EtVaS"]
[WhiteTeamCountry "FIN"]
[BlackTeamCountry "FIN"]

1. d4 d5 2. c4 c6 3. cxd5 cxd5 4. Nf3 Nf6 5. Nc3 Nc6 6. Bf4 e6 7. e3 Be7 8. Ne5 0-0 9. Bd3 Nd7 10. 0-0 Ndxe5 11. dxe5 f5 12. exf6 Bxf6 13. Rc1 Bd7 14. Bg3 g6 15. Qe2 Rc8 16. Rfd1 Qa5 17. Bb1 Bg7 18. Ne4 dxe4 19. Rxd7 Nd4 20. Rxd4 Rxc1+ 21. Rd1 Rxd1+ 22. Qxd1 Rd8 23. Qf1 Bxb2 24. h4 Qa4 0-1

[Event "FIN-chT 1920"]
[Site "Finland"]
[Date "2020.02.08"]
[Round "7.8"]
[White "Ponnio, Toni"]
[Black "Satonen, Arto"]
[Result "1/2-1/2"]
[WhiteElo "2132"]
[BlackElo "2027"]
[PlyCount "63"]
[EventDate "2019.09.14"]
[EventType "team-tourn"]
[EventRounds "11"]
[EventCountry "FIN"]
[SourceTitle "EXT 2022"]
[Source "ChessBase"]
[SourceDate "2021.10.06"]
[SourceVersion "1"]
[SourceVersionDate "2021.10.06"]
[SourceQuality "1"]
[WhiteTeam "Tampere Tammer"]
[BlackTeam "Sastamala VammSK"]
[WhiteTeamCountry "FIN"]
[BlackTeamCountry "FIN"]

1. d4 d5 2. c4 e6 3. Nf3 c5 4. cxd5 exd5 5. g3 Nc6 6. Bg2 Nf6 7. 0-0 Be7 8. dxc5 Bxc5 9. a3 0-0 10. b4 Bb6 11. Nc3 Re8 12. Bb2 Bg4 13. Na4 Bc7 14. Nc5 b6 15. Nd3 Rc8 16. Rc1 Bb8 17. b5 Na5 18. Rxc8 Bxc8 19. Nb4 Bb7 20. Bxf6 Qxf6 21. Nxd5 Qb2 22. Qd3 Bd6 23. Ng5 g6 24. Ne4 Bxd5 25. Qxd5 Bxa3 26. Qd7 Re7 27. Qd8+ Kg7 28. Qd3 Rc7 29. Bf3 Nc4 30. Rb1 Qe5 31. Nd2 Nxd2 32. Qxd2 1/2-1/2

[Event "FIN-chT 1920"]
[Site "Finland"]
[Date "2019.11.24"]
[Round "6.7"]
[White "Ponnio, Toni"]
[Black "Toikkanen, Vesa"]
[Result "1/2-1/2"]
[WhiteElo "2132"]
[BlackElo "2077"]
[PlyCount "70"]
[EventDate "2019.09.14"]
[EventType "team-tourn"]
[EventRounds "11"]
[EventCountry "FIN"]
[SourceTitle "EXT 2022"]
[Source "ChessBase"]
[SourceDate "2021.10.06"]
[SourceVersion "1"]
[SourceVersionDate "2021.10.06"]
[SourceQuality "1"]
[WhiteTeam "Tampere Tammer"]
[BlackTeam "Espoo MatSK II"]
[WhiteTeamCountry "FIN"]
[BlackTeamCountry "FIN"]

1. Nf3 g6 2. d4 Bg7 3. e4 d6 4. Nc3 a6 5. Be3 b5 6. Bd3 Nf6 7. 0-0 Bb7 8. e5 Nd5 9. Nxd5 Bxd5 10. a4 c6 11. Re1 0-0 12. Bf4 dxe5 13. Bxe5 Nd7 14. Bxg7 Kxg7 15. c3 Nb6 16. axb5 axb5 17. Rxa8 Nxa8 18. Ne5 Nb6 19. Qe2 e6 20. Be4 Qd6 21. Ng4 Qf4 22. Bxd5 Nxd5 23. Qe5+ Qxe5 24. Nxe5 Rc8 25. Ra1 Rc7 26. Ra6 Ne7 27. Kf1 f6 28. Nd3 Kf7 29. Ra8 h5 30. Nc5 Nd5 31. g3 e5 32. dxe5 fxe5 33. Na6 Rb7 34. Ke2 b4 35. cxb4 Nxb4 1/2-1/2

[Event "Tampere Tammer Autumn op"]
[Site "Tampere"]
[Date "2019.10.13"]
[Round "4"]
[White "Ponnio, Toni"]
[Black "Karttunen, Mika"]
[Result "0-1"]
[WhiteElo "2132"]
[BlackElo "2473"]
[PlyCount "62"]
[EventDate "2019.10.12"]
[EventType "swiss"]
[EventRounds "4"]
[EventCountry "FIN"]
[SourceTitle "EXT 2021"]
[Source "ChessBase"]
[SourceDate "2020.10.23"]
[SourceVersion "1"]
[SourceVersionDate "2020.10.23"]
[SourceQuality "1"]

1. d4 Nf6 2. Bf4 g6 3. Nc3 d5 4. e3 Bg7 5. h4 h5 6. Nf3 c6 7. Be2 Bg4 8. Ne5 Bxe2 9. Qxe2 Nfd7 10. 0-0-0 Nxe5 11. Bxe5 Bxe5 12. dxe5 Qc7 13. f4 e6 14. e4 a6 15. Kb1 Nd7 16. Rh3 Nb6 17. b3 0-0-0 18. exd5 cxd5 19. Qd2 Kb8 20. Ne2 Nd7 21. Rc3 Qb6 22. Qd4 Qb5 23. Qe3 Rc8 24. Nd4 Qb4 25. Rxc8+ Rxc8 26. Nf3 Nb6 27. Qd2 Rc3 28. Ka1 a5 29. Qd4 Qxd4 30. Nxd4 Rg3 31. Ne2 Rxg2 0-1

[Event "Pardubice Czech op-A 30th"]
[Site "Pardubice"]
[Date "2019.07.23"]
[Round "5"]
[White "Pacan Milej, Kosma"]
[Black "Ponnio, Toni"]
[Result "1-0"]
[WhiteElo "2272"]
[BlackElo "2102"]
[PlyCount "113"]
[EventDate "2019.07.19"]
[EventType "swiss"]
[EventRounds "9"]
[EventCountry "CZE"]
[SourceTitle "CBM 191"]
[Source "ChessBase"]
[SourceDate "2019.08.31"]
[SourceVersion "1"]
[SourceVersionDate "2019.08.31"]
[SourceQuality "1"]

1. d4 Nf6 2. c4 e6 3. Nc3 Bb4 4. Qc2 d5 5. cxd5 exd5 6. Bg5 c5 7. dxc5 h6 8. Bh4 g5 9. Bg3 Ne4 10. e3 Qa5 11. Nge2 Bf5 12. Be5 0-0 13. Nd4 Re8 14. Bxb8 Raxb8 15. Nxf5 Nxc3 16. Bd3 Ne4+ 17. Kf1 Bxc5 18. h4 Bf8 19. hxg5 hxg5 20. Qe2 Qd2 21. Qxd2 Nxd2+ 22. Ke2 Nc4 23. Rh5 f6 24. Rah1 Kf7 25. b3 Ne5 26. Rh7+ Ke6 27. Nd4+ Kd6 28. Bf5 Nc6 29. Nxc6 bxc6 30. Rxa7 Ra8 31. Rhh7 Rxa7 32. Rxa7 Kc5 33. Kd3 Bd6 34. Rb7 Bb8 35. a4 Rd8 36. b4+ Kd6 37. Kd4 Bc7 38. a5 Rb8 39. a6 Rxb7 40. axb7 Bb6+ 41. Kd3 Bc7 42. f4 gxf4 43. exf4 Ke7 44. g3 Bb8 45. Ke3 Kd6 46. g4 Ba7+ 47. Kf3 Kc7 48. Bc8 Bd4 49. g5 fxg5 50. fxg5 c5 51. b5 Bg7 52. Be6 d4 53. Bd5 Kb8 54. Ke4 Kc7 55. g6 Kb8 56. Bc4 Kxb7 57. Kd5 1-0

[Event "Pardubice Czech op-A 30th"]
[Site "Pardubice"]
[Date "2019.07.19"]
[Round "1"]
[White "Kulon, Klaudia"]
[Black "Ponnio, Toni"]
[Result "1/2-1/2"]
[WhiteElo "2331"]
[BlackElo "2102"]
[PlyCount "115"]
[EventDate "2019.07.19"]
[EventType "swiss"]
[EventRounds "9"]
[EventCountry "CZE"]
[SourceTitle "CBM 191"]
[Source "ChessBase"]
[SourceDate "2019.08.31"]
[SourceVersion "1"]
[SourceVersionDate "2019.08.31"]
[SourceQuality "1"]

1. c4 c5 2. g3 g6 3. Bg2 Bg7 4. Nc3 Nc6 5. e3 e6 6. Nge2 Nge7 7. d4 cxd4 8. exd4 d5 9. cxd5 Nxd5 10. Nxd5 exd5 11. Be3 0-0 12. h3 Be6 13. 0-0 Qb6 14. Qd2 Qb4 15. Qxb4 Nxb4 16. a3 Nc2 17. Rac1 Rac8 18. Rfd1 Nxe3 19. fxe3 Bh6 20. Kf2 Rfe8 21. Rc3 Rc6 22. Rdc1 Rec8 23. b4 Bf8 24. Ke1 a5 25. Rxc6 Rxc6 26. Rxc6 bxc6 27. bxa5 Bxa3 28. a6 Bb4+ 29. Kf2 Bc8 30. a7 Bb7 31. Nf4 Ba5 32. Bf1 Bb6 33. Ba6 Ba8 34. Nd3 Bxa7 35. g4 f6 36. Kf3 Kf7 37. h4 h6 38. h5 g5 39. Bc8 Ke7 40. Nc5 Kd6 41. Ne6 c5 42. Ng7 cxd4 43. Nf5+ Ke5 44. exd4+ Bxd4 45. Nxh6 Bc5 46. Nf7+ Kd4 47. h6 Bf8 48. h7 Bg7 49. h8Q Bxh8 50. Nxh8 Kc3 51. Bf5 d4+ 52. Ke2 Bd5 53. Ng6 Bc4+ 54. Kf3 d3 55. Bxd3 Bxd3 56. Nf8 f5 57. Ne6 fxg4+ 58. Kxg4 1/2-1/2

[Event "FIN-chT1B 1819"]
[Site "Finland"]
[Date "2018.11.11"]
[Round "3.2"]
[White "Ponnio, Toni"]
[Black "Lahdelma, Henri"]
[Result "0-1"]
[WhiteElo "2100"]
[BlackElo "2109"]
[PlyCount "58"]
[EventDate "2018.09.15"]
[EventType "team-tourn"]
[EventRounds "7"]
[EventCountry "FIN"]
[SourceTitle "EXT 2020"]
[Source "ChessBase"]
[SourceDate "2019.10.17"]
[SourceVersion "1"]
[SourceVersionDate "2019.10.17"]
[SourceQuality "1"]
[WhiteTeam "Helsinki KSK"]
[BlackTeam "Espoo MatSK II"]
[WhiteTeamCountry "FIN"]
[BlackTeamCountry "FIN"]

1. e4 e6 2. d4 d5 3. Bd3 c5 4. exd5 exd5 5. Nf3 Nc6 6. Qe2+ Be7 7. dxc5 Nf6 8. Nc3 0-0 9. Bg5 h6 10. h4 Re8 11. 0-0-0 hxg5 12. hxg5 Ng4 13. Qd2 g6 14. Qf4 Nce5 15. Kb1 Bxc5 16. Nxe5 Rxe5 17. Rh8+ Kxh8 18. Qxf7 Nxf2 19. Qxg6 Qe7 20. Qh6+ Kg8 21. Nxd5 Qg7 22. Nf6+ Kf8 23. Qh2 Nxd3 24. cxd3 Bd6 25. Qf4 Ke7 26. d4 Qxg5 27. dxe5 Qxf4 28. Nd5+ Kf7 29. Nxf4 Bxe5 0-1

[Event "FIN-chT1B 1819"]
[Site "Finland"]
[Date "2018.11.10"]
[Round "2.2"]
[White "Ponnio, Toni"]
[Black "Hynninen, Juha"]
[Result "1/2-1/2"]
[WhiteElo "2100"]
[BlackElo "2235"]
[PlyCount "76"]
[EventDate "2018.09.15"]
[EventType "team-tourn"]
[EventRounds "7"]
[EventCountry "FIN"]
[SourceTitle "EXT 2020"]
[Source "ChessBase"]
[SourceDate "2019.10.17"]
[SourceVersion "1"]
[SourceVersionDate "2019.10.17"]
[SourceQuality "1"]
[WhiteTeam "Helsinki KSK"]
[BlackTeam "Vantaa Gambitti"]
[WhiteTeamCountry "FIN"]
[BlackTeamCountry "FIN"]

1. e4 d6 2. d4 Nf6 3. Nc3 e5 4. dxe5 dxe5 5. Qxd8+ Kxd8 6. Bg5 c6 7. 0-0-0+ Ke8 8. f4 Nbd7 9. Nf3 Ng4 10. Nxe5 Ngxe5 11. fxe5 h6 12. Bh4 g5 13. Bg3 Bg7 14. e6 fxe6 15. h4 g4 16. h5 Be5 17. Rxd7 Bxg3 18. Rg7 Bf4+ 19. Kb1 Rf8 20. Bd3 Be5 21. Rxg4 Ke7 22. Rf1 Bd7 23. Rg6 Rxf1+ 24. Bxf1 Rf8 25. Bd3 Rf6 26. Rxf6 Kxf6 27. Nd1 Bd4 28. c3 Bb6 29. Be2 Kg5 30. Kc2 Be8 31. Kd3 Bxh5 32. Bxh5 Kxh5 33. c4 Kg4 34. Nc3 e5 35. Ne2 Bf2 36. Kd2 Bb6 37. Kd3 Bf2 38. Kd2 Bb6 1/2-1/2

[Event "Heart of Finland op 27th"]
[Site "Jyvaskyla"]
[Date "2017.07.18"]
[Round "2"]
[White "Ponnio, Toni"]
[Black "Penttila, Tero"]
[Result "0-1"]
[WhiteElo "2109"]
[BlackElo "1969"]
[PlyCount "82"]
[EventDate "2017.07.17"]
[EventType "swiss"]
[EventRounds "9"]
[EventCountry "FIN"]
[SourceTitle "EXT 2022"]
[Source "ChessBase"]
[SourceDate "2021.10.06"]
[SourceVersion "1"]
[SourceVersionDate "2021.10.06"]
[SourceQuality "1"]

1. c4 e6 2. g3 Nf6 3. Bg2 d5 4. Nf3 c6 5. d4 Be7 6. 0-0 Nbd7 7. Qc2 0-0 8. Nbd2 b6 9. e4 Bb7 10. b3 c5 11. e5 Ne4 12. cxd5 exd5 13. Bb2 Rc8 14. Qd1 cxd4 15. Nxd4 Nxe5 16. N2f3 Nxf3+ 17. Qxf3 Bf6 18. Rfd1 Qd7 19. Qf4 Rfe8 20. Bf1 a6 21. Rac1 Bg5 22. Rxc8 Bxf4 23. Rxe8+ Qxe8 24. gxf4 f6 25. f3 Qg6+ 26. Bg2 Nc5 27. f5 Qe8 28. Ne6 Qd7 29. Bh3 Bc8 30. b4 Nxe6 31. fxe6 Qe7 32. Rc1 Bb7 33. a3 g6 34. Bd4 f5 35. Re1 Bc8 36. Bf1 Bxe6 37. Bxa6 Qg5+ 38. Kh1 Qf4 39. Bxb6 Qd6 40. Bd4 Qxa6 41. b5 Qxb5 0-1